A világegyetem élete és megismerésének története a legrégibb időktől napjainkig.
Elmentve itt :
| Szerző: | |
|---|---|
| Adatforrás: | Philobibl |
| Dokumentumtípus: | Könyv |
| Nyelv: | magyar |
| Megjelent: |
Bp.
Franklin.
1914
|
| Sorozat: | Kultúra és Tudomány. 14. kötet
|
| LEADER | 00497nam a2200145 c 4500 | ||
|---|---|---|---|
| 001 | bibDOK00025276 | ||
| 005 | 20200924121945.2 | ||
| 008 | 060518s1914 hu hun | ||
| 100 | 1 | |a Arrhenius, Svante | |
| 245 | 1 | 2 | |a A világegyetem élete és megismerésének története a legrégibb időktől napjainkig. |c Arrhenius, Svante |
| 260 | |a Bp. |b Franklin. |c 1914 | ||
| 300 | |a 236 p. p. | ||
| 490 | 1 | |a Kultúra és Tudomány. 14. kötet | |
| 500 | |a Ford. Polgár Gyula. | ||
| 830 | 0 | |a Kultúra és Tudomány. 14. kötet | |